| 000 | 00541nam a2200181 a 4500 | ||
|---|---|---|---|
| 001 | 1767 | ||
| 003 | CDMR | ||
| 005 | 20130313113548.0 | ||
| 008 | 130130s2001||||||||||||||||||||||||||||d | ||
| 020 | _a8484581195 | ||
| 040 |
_aCDMR _bcat _cCPC GIRONA |
||
| 245 | 0 | 0 |
_aJosep Pla, memòria i escriptura _b: actes del col·loqui de l'any Pla _cGlòria Granell i Xavier Pla (eds.) |
| 260 |
_bFundació Josep Pla _aGirona |
||
| 260 |
_c2001 _bUniversitat de Girona |
||
| 600 | 1 |
_9827 _aPla, Josep |
|
| 700 | 1 |
_91326 _aGranell, Glòria |
|
| 942 |
_cMON _2udc |
||
| 999 |
_c1767 _d1767 |
||